000 01588nam a22002897a 4500
005 20100605102842.0
008 100605t xxu||||| |||| 00| 0 hin d
010 _aHIN-89503
020 _a9789350002421
_c200.00
035 _aHN-61849
037 _bDBAD / PUB
040 _aDPL
_bHN
082 _a
100 _aएण्डर्सन, लार्श
_918332
245 _aमहामारी राजा का आख्यान /
_cलार्श एण्डर्सन; कुशवाहा, पूर्वा याज्ञिक द्वारा अंग्रेजी से अनुवाद; तेजी ग्रोवर एवं अमित द्वारा संपादकीय परामर्श
246 _aMahamari raja ka aakhyan
_bby Lars Andersson; Tran by Purwa Yagnik Kushwaha; Ed by Teji Grover& Amit
260 _aनई दिल्ली
_bवाणी प्रकाशन
_c2010
270 _a4695,21-ए, दरियागंज
_bनई दिल्ली
_e110002
300 _a101पृ
_c22सेमी (सजिल्द)
650 _aहिन्दी कथा साहित्य
_9657
650 _ahindi fiction
_918333
700 _aकुशवाहा, पूर्वा याज्ञिक
_918334
700 _aग्रोवर, तेजी
_918335
700 _aअमित
_918336
942 _2ddc
_cHN
_mएण्डर्स
999 _c36605
_d36605